00655nam a2200193 a 450000100060000000300090000600800410001502000190005604000280007508200180010310000280012124501370014926000350028630000110032165000350033265000260036765000400039365000280043323205CO-ViMGA141112s2004 ck r 000 u spa d a \ 8420008605 aCO-ViMGAbspacCO-ViMGA04a636.0891 M1581 aCliment Peris, Salvador10aManual de anatomía y embriología de los animales domésticos : bconceptos básicos y datos aplicativos, embriología general aEspaña : bEditorial Acribia a125 p.14aANATOMIA COMPARADA - MANUALES 14aANATOMIA VETERINARIA 14aEMBRIOLOGIA VETERINARIA - MANUALES 14aFECUNDACION - MANUALES